00546nam a22001697a 450000500170000001000140001702000270003103500130005803700130007108200200008410000250010424500830012926000460021227000560025830000260031450000360034020100730145410.0 aENG-97173 a9788184502572c1100.00 aEN-80706 bDBAD/PUB a370.15230954133 aPrusty, Pramod Kumar aSuper learning technique (SLT) and creative thinking /cby Pramod Kumar Prusty aNew DelhibDeep & Deep Publicationsc2010 aF-159, Rajouri Garden, New DelhibNew Delhie110027 axii, 295p.c22cm (Hb) aIncludes bibliography and index